Horúci mráz

Bibliographic Details
Main Author: Hečko, Peter, 1949- (Author)
Format: Article
Language:Slovak
PhysicalDescription:Fot. 1.
Subjects:

MARC

LEADER 00000nab a2200000 a 4500
001 vtls000180724
003 SK-MaSNL
005 20260302201445.0
008 111104c1984 xo 0 slo
015 |a SNBRB19rr/mm-uuuuu 
035 |a CL0190837 
040 |a SNKBUCL  |b slo  |c SNKBUCL  |e AACR2 
041 0 |a slo 
044 |a xo  |c SK 
080 |a 885.4-1  |2 1981 
080 |a 784.66  |2 1981 
100 1 |a Hečko, Peter,  |d 1949-  |4 aut  |9 111858 
245 1 0 |a Horúci mráz  |c Peter Hečko 
300 |b Fot. 1. 
500 |a Noty. 
650 0 7 |a populárne piesne  |2 snkbucl  |9 3446 
655 7 |a články z novín a časopisov  |2 snkbucl  |9 267496 
655 7 |a články z odboru literárna veda a krásna literatúra  |2 snkbucl  |9 770045 
773 0 |t Kamarát  |g Roč. 16, č. 35 (1984), s. 9 
850 |a Slovenská národná knižnica v Martine  |a MTA001 
852 |a SNK  |b KIS3GCP 
958 |a RK 
958 |a LX 
992 |a RBX 
999 |c 1461007  |d 1462937